000 00639nam a22002057a 4500
999 _c13134
_d13134
003 AR-CdUCM
008 190411b ||||| |||| 00| 0 spa d
040 _aMUNICIPALIDAD PROVINCIAL DEL CUSCO
_cBIBLIOTECA MUNICIPAL DEL CUSCO
082 _aC / 390 /
_bC957
100 _aSalas Sánchez, Juan de la Cruz
_911208
245 _aSurimana :
_bTúpa Amaro Apuq Inkill K´itin /
260 _aQosqo :
_b[sn],
_c[1968].
300 _a[54 páginas]
_c17x22 cm.
505 _aContenido: Túpac Amaru.
650 _aSurimana
_931346
650 _aTúpac amaru
_9623
650 _aTinta
_922001
942 _2ddc
_cLIBROS
945 _adavv
_d11/04/2019